LEADER 01337nam a2200277 4500 001 000000351366 003 CaOOAMICUS 005 20220826095851.0 008 220826s2022 it 000 u ita r 020 $a978-88-399-3440-6 040 $aSeMil$bita 100 1 $aBöttigheimer, Christoph,$d<1960- >.$0(OLS)http://semarc/name/75635 240 10$aSinn(losigkeit) des Bittgebets :$bauf der Suche nach einer rationalen Verantwortung.$0(OLS)http://semarc/title/441144 245 10$a(In)sensatezza della preghiera :$balla ricerca di una ragionevole responsabilità /$cChristoph Böttigheimer. 264 1$aBrescia :$bQueriniana,$c2022. 300 $a249 p. ;$c20 cm 490 1 $aGiornale di teologia ;$v440 650 04$aPreghiera.$0(OLS)http://semarc/subject/1091 650 4$aDio - Teologia.$0(OLS)http://semarc/subject/1408 830 0$aGiornale di teologia ;$v440.$0(OLS)http://semarc/title/419620 850 $aSeMil 852 $aSeMil$W1$xVenegono$y1$m2XA G 440$j234043$B242431$CSeMilBibl$Z2$F242431 $81 996 $6020$a978-88-399-3440-6$9(OLS)http://semarc/number/296561 996 $6245$a(In)sensatezza della preghiera :$balla ricerca di una ragionevole responsabilità$9(OLS)http://semarc/title/441143 996 $6264$aBrescia :$bQueriniana$9(OLS)http://semarc/publisher/29615 LEADER 01489nam a2200325 i 4500 001 000000040616 003 CaOOAMICUS 005 20100709000000.0 008 100709s1993 it u000 u ita u 013 $a11786 020 $a88-311-3249-0 040 $aSeMil$bita 100 1 $aBosi, Alberto.$0(OLS)http://semarc/name/19414 245 10$aCristianesimo ed Europa :$bla sfida della mondialità /$cA. Bosi ... [et al.] Aldo Giordano e Francesco Tomatis (edd.) 260 $aRoma :$bCittà Nuova,$c1993. 300 $a163 p. ;$c20 cm. 490 0 $aContributi di teologia ;$v18 650 4$aCristianesimo - Europa.$0(OLS)http://semarc/subject/717 650 4$aMondialità.$0(OLS)http://semarc/subject/8535 650 4$aEuropa - Cristianesimo.$0(OLS)http://semarc/subject/8536 700 1 $aTomatis, Francesco,$d<1964- >.$0(OLS)http://semarc/name/2624 700 1 $aGiordano, Aldo <1954- >.$0(OLS)http://semarc/name/16706 774 0 $aVattimo, Gianni <1936- >$tOccidente o la cristianità? P. 91-105.$w()292919 830 0$aContributi di teologia ;$v18.$0(OLS)http://semarc/title/623 850 $aSeMil 852 $aSeMil$W1$xVenegono$y1$m2G I 188$j6771$B6771$CSeMilBibl$Z2$F6771 $81 961 $aAcquisto: Città Nuova 996 $6020$a88-311-3249-0$9(OLS)http://semarc/number/10921 996 $6245$aCristianesimo ed Europa :$bla sfida della mondialità$9(OLS)http://semarc/title/58427 996 $6260$aRoma :$bCittà Nuova$9(OLS)http://semarc/publisher/29609